| 000 | 00472nam a2200157 a 4500 | ||
|---|---|---|---|
| 001 | 000043379 | ||
| 005 | 20201002040848.0 | ||
| 008 | 140312s1984 sp 000 0 spa d | ||
| 020 | _a8472236196 | ||
| 040 |
_aDO-SdBNP _bspa _cBNPHU |
||
| 100 | 1 |
_aSavater, Fernando _917672 |
|
| 245 | 1 | 0 |
_aContra Las Patrias / _cFernanco Savater. |
| 260 |
_aBarcelona :, _c1984. |
||
| 300 |
_a209 p. ; _c19 cm. |
||
| 504 | _aIncluye referencias bibliográficas y notas al pie de las páginas | ||
| 999 |
_c42868 _d42868 |
||